Countries in 1910 - Statistics

General Stats
  • This quiz has been taken 36 times
  • The average score is 45 of 65
Answer Stats
Answer % Correct
China/ Qing
94%
Germany
94%
United Kingdom
94%
United States of America
94%
France
90%
Norway
90%
Sweden
87%
Austria-Hungary
84%
Canada
84%
Ethiopia
84%
Japan
84%
Mexico
84%
Russia
84%
Spain
84%
Argentina
81%
Brazil
81%
Chile
81%
Colombia
81%
Denmark
81%
Greece
81%
Ottoman Empire
81%
Portugal
81%
Romania
81%
Belgium
77%
Costa Rica
77%
Honduras
77%
Liechtenstein
77%
Netherlands
77%
New Zealand
77%
Paraguay
77%
Peru
77%
Switzerland
77%
Uruguay
77%
Venezuela
77%
Andorra
74%
Bulgaria
74%
Cuba
74%
Dominican Republic
74%
El Salvador
74%
Guatemala
74%
Haiti
74%
Italy
74%
Luxembourg
74%
Australia
71%
Bolivia
71%
Ecuador
71%
Liberia
71%
Nicaragua
71%
San Marino
71%
Monaco
68%
Panama
68%
Serbia
68%
Persia
65%
South Africa
65%
Afghanistan
61%
Montenegro
58%
Siam
52%
Morocco
39%
Bhutan
35%
Newfoundland
16%
Ha'il
6%
Riyadh
3%
Muscat and Oman
0%
Sulu
0%
Wadai
0%
No matching quizzes found
Score Distribution
Percent of People with Each Score
Percentile by Number Answered
Your Score History
You have not taken this quiz